| 000 | 00884nam a2200253Ia 4500 | ||
|---|---|---|---|
| 003 | OSt | ||
| 005 | 20221005112421.0 | ||
| 006 | a|||||r|||| 00| 0 | ||
| 007 | ta | ||
| 008 | 221004b |||||||| |||| 00| 0 pan d | ||
| 020 |
_a9788180482069 (hbk) _c350 |
||
| 024 | _a2502 | ||
| 037 |
_b700, 21/01/2013, Bright Book Service _cTextual |
||
| 040 |
_aCRL _cCRL _bpan |
||
| 041 |
_2pan _apan |
||
| 082 | _aV246, 153Q2 | ||
| 100 | _aਤਰਲੋਚਨ ਸਿੰਘ | ||
| 245 | 0 | _aਚੰਡੀਗੜਸ਼ ਉਜਾੜਿਆਂ ਦੀ ਦਾਸਤਾਨ | |
| 260 |
_aਚੰਡੀਗੜ _bਅਰੂਨ ਪਬਲੀFਿੰਗ ਭਾਰਤ _c2012 |
||
| 300 |
_a96ਪੰ _ccm. |
||
| 650 | _aਭਾਰਤੀਯ ਇਤਿਹਾਸ | ||
| 942 |
_hV246, 153Q2 _cTEXL _2cc |
||
| 999 |
_c1024827 _d1024827 |
||